000 00993nam a22002537a 4500
003 DO-SdBNP
005 20220429134502.0
008 110301s2021 dr 001 0 spa d
020 _a9789945931716
040 _aDO-SdBNP
_bspa
_cBNPHU
082 4 _axxxx
_bO77e
100 1 _aOrtiz Núñez, Dantes
_953018
_d1957-
245 1 3 _aEl estado dominicano, análisis y contexto :
_b(artículos publicados entre 1990 y 2021) /
_cDantes Ortiz Núñez ; presentación Modesto Cuesta Soriano ; prólogo José C. Novas
260 _aSanto Domingo :
_bOcéano azul ediciones,
_c2021.
300 _a191 p. :
_c25 cm.
500 _aIncluye datos biográficos del autor en la solapa de la portada.
500 _aIncluye índice onomástico
590 _aInventariado, 2022/ YL
590 _aLa biblioteca posee un (1) ejemplar autografiado por el autor.
700 1 2 _aCuesta Soriano, Modesto
_epres.
_977667
700 1 2 _aNovas, José C.
_eprol.
_931859
910 _aYLockward
942 _2ddc
_cLBS1
999 _c51623
_d51623